[Event "GER-chT U12"]
[Site "Muenchen"]
[Date "2022.12.28"]
[Round "4"]
[White "Aweh, Mads"]
[Black "Uyar, Levin"]
[Result "1/2-1/2"]
[WhiteElo "1477"]
[BlackElo "1573"]
[PlyCount "47"]
[EventDate "2022.12.26"]
[EventType "team-swiss"]
[EventRounds "7"]
[EventCountry "GER"]
[SourceTitle "CBM 212 Extra"]
[Source "ChessBase"]
[SourceDate "2023.03.31"]
[SourceVersion "1"]
[SourceVersionDate "2023.03.31"]
[SourceQuality "1"]
[WhiteTeam "Weimar"]
[BlackTeam "Untergrombach"]
[WhiteTeamCountry "GER"]
[BlackTeamCountry "GER"]

1. e4 e5 2. Nf3 Nc6 3. Bc4 Nf6 4. d3 Bc5 5. c3 a6 6. b4 Ba7 7. 0-0 d6 8. a4 0-0 9. Bg5 Be6 10. Nbd2 h6 11. Bh4 g5 12. Bg3 Ne7 13. Qc2 c6 14. Bb3 Ng6 15. Rad1 Re8 16. Rfe1 Nh5 17. Kf1 Qd7 18. Bxe6 Rxe6 19. Nc4 Ngf4 20. Ne3 Rae8 21. a5 Rf6 22. Ng1 Nxg3+ 23. hxg3 Nh5 24. Nf5 1/2-1/2

[Event "GER-ch U10"]
[Site "Willingen"]
[Date "2021.08.27"]
[Round "8"]
[White "Aweh, Mads"]
[Black "Sajka, Noah"]
[Result "0-1"]
[WhiteElo "1452"]
[BlackElo "1402"]
[PlyCount "48"]
[EventDate "2021.08.22"]
[EventType "swiss"]
[EventRounds "11"]
[EventCountry "GER"]
[SourceTitle "EXT 2022"]
[Source "ChessBase"]
[SourceDate "2021.10.06"]
[SourceVersion "1"]
[SourceVersionDate "2021.10.06"]
[SourceQuality "1"]

1. f4 c5 2. Nf3 g6 3. e4 d6 4. Bc4 e6 5. Nc3 Bg7 6. 0-0 Nf6 7. d3 0-0 8. e5 dxe5 9. fxe5 Nd5 10. Bg5 Nxc3 11. bxc3 Qa5 12. Qd2 b5 13. Bb3 Nc6 14. Bf6 Qb6 15. c4 bxc4 16. Bxc4 Na5 17. Qf4 Nxc4 18. Qxc4 Qb4 19. Qxb4 cxb4 20. Be7 Re8 21. Bxb4 Ba6 22. Bd6 Red8 23. Rab1 Rac8 24. Rb2 Rxd6 0-1

[Event "GER-ch U10"]
[Site "Willingen"]
[Date "2020.10.31"]
[Round "7"]
[White "Aweh, Mads"]
[Black "Geist, Tim"]
[Result "0-1"]
[WhiteElo "1328"]
[BlackElo "1578"]
[PlyCount "132"]
[EventDate "2020.10.26"]
[EventType "swiss"]
[EventRounds "7"]
[EventCountry "GER"]
[SourceTitle "CBM 199 Extra"]
[Source "ChessBase"]
[SourceDate "2021.01.31"]
[SourceVersion "1"]
[SourceVersionDate "2021.01.31"]
[SourceQuality "1"]

1. d4 e6 2. Bf4 d5 3. e3 c5 4. c3 Nf6 5. Nf3 Bd6 6. Bxd6 Qxd6 7. Bd3 0-0 8. 0-0 b6 9. Nbd2 Nbd7 10. e4 dxe4 11. Nxe4 Nxe4 12. Bxe4 Rb8 13. Qc2 f5 14. Bd3 Bb7 15. Be2 Rbc8 16. dxc5 Nxc5 17. Rad1 Qc7 18. Nd4 Kh8 19. Bc4 e5 20. Ne6 Nxe6 21. Bxe6 Be4 22. Qb3 Rcd8 23. Bd5 Bxd5 24. Rxd5 g6 25. Rfd1 Kg7 26. h3 e4 27. Qb4 Rxd5 28. Rxd5 Qf7 29. Qd4+ Qf6 30. Rd7+ Rf7 31. Rxf7+ Kxf7 32. Qxf6+ Kxf6 33. Kf1 Ke5 34. Ke2 f4 35. g3 g5 36. b3 a6 37. a3 h6 38. Kd2 Kd5 39. Ke2 b5 40. Kd2 a5 41. Ke2 Kc5 42. h4 a4 43. hxg5 hxg5 44. bxa4 bxa4 45. gxf4 gxf4 46. f3 e3 47. Kd1 Kc4 48. Kc2 e2 49. Kd2 e1Q+ 50. Kxe1 Kxc3 51. Ke2 Kc2 52. Ke1 Kd3 53. Kd1 Ke3 54. Kc2 Kxf3 55. Kc3 Ke2 56. Kb4 f3 57. Kxa4 f2 58. Ka5 f1Q 59. a4 Qb1 60. Ka6 Kd3 61. a5 Kc4 62. Ka7 Kb5 63. Ka8 Kxa5 64. Ka7 Qh7+ 65. Kb8 Kb6 66. Kc8 Qc7# 0-1

[Event "GER-ch U10"]
[Site "Willingen"]
[Date "2020.10.27"]
[Round "1"]
[White "Aweh, Mads"]
[Black "Braun, Julian1111"]
[Result "0-1"]
[WhiteElo "1328"]
[BlackElo "1441"]
[PlyCount "108"]
[EventDate "2020.10.26"]
[EventType "swiss"]
[EventRounds "7"]
[EventCountry "GER"]
[SourceTitle "CBM 199 Extra"]
[Source "ChessBase"]
[SourceDate "2021.01.31"]
[SourceVersion "1"]
[SourceVersionDate "2021.01.31"]
[SourceQuality "1"]

1. e4 e5 2. Nf3 Nc6 3. Bc4 Bc5 4. c3 Nf6 5. d4 exd4 6. cxd4 Bb4+ 7. Bd2 Bxd2+ 8. Nbxd2 d5 9. exd5 Nxd5 10. Qb3 Na5 11. Qa4+ c6 12. Bd3 0-0 13. 0-0 Be6 14. Qc2 h6 15. a3 c5 16. dxc5 Nf4 17. Bf5 Ne2+ 18. Kh1 Bxf5 19. Qxf5 Nd4 20. Qg4 Nxf3 21. Nxf3 Nb3 22. Rad1 Qc7 23. Qb4 Nxc5 24. Rc1 b6 25. Nd4 Qe5 26. Nf3 Qf6 27. Qd4 Qxd4 28. Nxd4 Rad8 29. Nc6 Rd2 30. b4 Nd3 31. Rc3 Nxf2+ 32. Kg1 Ne4 33. Re3 Nd6 34. Nxa7 Ra8 35. Re7 Kf8 36. Rfe1 Rd1 37. Rxd1 Kxe7 38. Nc6+ Kd7 39. Ne5+ Kc7 40. Rc1+ Kb7 41. Rc3 f6 42. Rd3 fxe5 43. Rxd6 Rxa3 44. Rd7+ Kc6 45. Rxg7 Kb5 46. Re7 Kxb4 47. Rxe5 Rc3 48. Kf2 b5 49. Rh5 Rc6 50. Rh3 Ka4 51. g4 b4 52. Ke1 b3 53. Rxb3 Kxb3 54. Kf2 Rc3 0-1